Φιλοσοφία τής καιρικότητος

Αποθηκεύτηκε σε:
Λεπτομέρειες βιβλιογραφικής εγγραφής
Κύριος συγγραφέας: Μουτσόπουλος, Ευάγγελος Α., 1930-
Μορφή: Βιβλίο
Γλώσσα:Greek
Δημοσίευση: Αθήνα : Καρδαμίτσας, 1984
Θέματα:
Ετικέτες: Προσθήκη ετικέτας
Δεν υπάρχουν, Καταχωρήστε ετικέτα πρώτοι!

MARC

LEADER 00000cam a2200000 i 4500
001 1/88900
008 080613s1984 gre d
035 |l 10098223 
040 |a GR-MY-UA  |b gre  |e aacr 
041 0 |a gre 
082 0 |a 190  |2 (22) 
100 1 |a Μουτσόπουλος, Ευάγγελος Α.,   |d 1930- 
245 1 0 |a Φιλοσοφία τής καιρικότητος /  |c Ε. Α. Μουτσόπουλου 
260 |a Αθήνα :   |b Καρδαμίτσας,   |c 1984 
300 |a 222 σ.;  |c 21 εκ. 
650 0 0 |a Philosophy, Modern  |z Greece. 
650 0 0 |a Philosophy  |x Introductions. 
852 |a INST  |b RHODES  |c AKA  |e 20080613  |h  190 ΜΟΥ  |p 005400027915  |q 005400027915  |t BK  |y 0 
901 |a BIBL4-2008-2 
909 |a Ρ  |b 150588 
970 |a ΚΟΖΑ  |b ΜΑΡΙΑ  |z 2008/06/13